| 000 | 00647cam a2200205 a 4500 | ||
|---|---|---|---|
| 001 | 000018277 | ||
| 005 | 20200929165431.0 | ||
| 008 | 850307s1945 mx a b 000 0bspa d | ||
| 040 |
_aDO-SdBNP _bspa _cLC _dBNPHU |
||
| 082 |
_a923.9 _bC834C |
||
| 100 | 1 |
_aCamin, Alfonso, _d1890-1982. _939582 |
|
| 245 | 1 | 0 |
_aJuan de la cosa / _cAlfonso Camín. |
| 260 |
_aMéxico D. F. : _bRevista Norte, _c1945. |
||
| 300 |
_a222 p. : _bil. ; _c23 cm. |
||
| 504 | _aBibliografía: p. [215]-222. | ||
| 600 | 1 | 0 |
_aCOSA, JUAN DE LA, _dd. 1510. _939583 |
| 650 | 4 |
_aExploradores españoles _xBiografía _919788 |
|
| 910 | _aCatalogación por copia / LC | ||
| 049 | _aBNGR | ||
| 999 |
_c17798 _d17798 |
||